| 000 | 01202cab a2200325 4500 | ||
|---|---|---|---|
| 001 | ABS52305 | ||
| 008 | 090401t1995 xxu||||| |||| 00| 0 eng d | ||
| 035 | _a(Sirsi) u72139 | ||
| 041 | _aeng | ||
| 100 | _aDollar, P. | ||
| 245 | _aTreatment of inducements at rent review | ||
| 260 | _c1995 | ||
| 350 | _a0 | ||
| 490 |
_aProperty Review _v5(1) February 1995, 10-12(3) |
||
| 520 | _aConsiders recent CA cases on inducements, looking at the drafting provisions in leases and conflicting arguments, before discussing the points of the individual cases in more detail. | ||
| 650 | _a99 BISHOPSGATE LTD V PRUDENTIAL ASSURANCE CO LTD | ||
| 650 | _aBROADGATE SQUARE PLC V LEHMAN BROTHERS LTD | ||
| 650 | _aCITY OFFICES PLC V BRYANSTON INSURANCE CO LTD | ||
| 650 | _aCO-OPERATIVE WHOLESALE SOCIETY V NATIONAL WESTMINSTER BANK | ||
| 650 | _aHEADLINE RENTS | ||
| 650 | _aLEASE INCENTIVES | ||
| 650 | _aPRUDENTIAL NOMINEES LTD V GREENHAM TRADING LTD | ||
| 650 | _aRENT REVIEWS | ||
| 650 | _aRENT-FREE PERIODS | ||
| 650 | _aSCOTTISH AMICABLE LIFE ASSURANCE SOCIETY V MIDDLETON | ||
| 690 | _aLANDLORD AND TENANT-RENT REVIEWS | ||
| 700 | _aPeet, C. | ||
| 942 | _n0 | ||
| 948 | _c04/03/1997 | ||
| 999 |
_c45530 _d45530 |
||